Probability and statistics/ (Record no. 9837)

MARC details
000 -LEADER
fixed length control field 00599nam a22002177a 4500
003 - CONTROL NUMBER IDENTIFIER
control field OSt
005 - DATE AND TIME OF LATEST TRANSACTION
control field 20260424031637.0
008 - FIXED-LENGTH DATA ELEMENTS--GENERAL INFORMATION
fixed length control field 260424b |||||||| |||| 00| 0 eng d
020 ## - INTERNATIONAL STANDARD BOOK NUMBER
International Standard Book Number 0-07-138341-7
040 ## - CATALOGING SOURCE
Original cataloging agency DWC-Main lib.
Transcribing agency OC
082 ## - DEWEY DECIMAL CLASSIFICATION NUMBER
Classification number Circ. 519.2 Sm43p 2001
100 ## - MAIN ENTRY--PERSONAL NAME
Personal name Schiller, John
245 ## - TITLE STATEMENT
Title Probability and statistics/
Statement of responsibility, etc. John Schiller
260 ## - PUBLICATION, DISTRIBUTION, ETC.
Name of publisher, distributor, etc. McGraw-Hill,
Date of publication, distribution, etc. c2001.
300 ## - PHYSICAL DESCRIPTION
Extent v 151 p. ;
Dimensions 21cm.
490 ## - SERIES STATEMENT
Series statement Scraum's outline series
504 ## - BIBLIOGRAPHY, ETC. NOTE
Bibliography, etc. note Include index.
700 ## - ADDED ENTRY--PERSONAL NAME
Personal name Srinivasan, Alu
700 ## - ADDED ENTRY--PERSONAL NAME
Personal name Spiegel, Murray R.
942 ## - ADDED ENTRY ELEMENTS (KOHA)
Source of classification or shelving scheme Dewey Decimal Classification
Koha item type Book Circulation
Classification part Circ.
Suppress in OPAC No
952 ## - LOCATION AND ITEM INFORMATION (KOHA)
--
Holdings
Withdrawn status Lost status Source of classification or shelving scheme Damaged status Not for loan Home library Current library Shelving location Date acquired Total Checkouts Full call number Barcode Date last seen Copy number Price effective from Koha item type Uniform Resource Identifier
    Dewey Decimal Classification     College Library College Library Circulation 07/29/2003   Circ. 519.2 Sm43p 2001 CL38435 04/24/2026 c1 04/24/2026 BK-CIRC